000 00556nam a2200193Ia 4500
005 20250923145516.0
008 008 250917s9999 xx 000 0 eng d
037 _aTextual
040 _aDSWL
_beng
_cDSWL
041 _aeng
_2eng
084 _aX:9n2,N46, N79
_qDSWL
245 0 _aIndian Labour year Book,1975 and 1976
_c by Labour Bureau ,India
260 _aNew Delhi
_bDelhi Ministry of Labour
_c1979
300 _a591p.
365 _aINR
_b65
925 _g65
942 _cTEXL
_hX:9n2,N46, N79
999 _c1452227
_d1452227